000 00177nam a2200073Ia 4500
008 170817s9999 xx 000 0 und d
100 _aSRIVASTAVA
245 0 _aAADHUNIK SAMAJ MANOVIGYAN
260 _bH.P. BHARGAV
999 _c36138
_d36138